Melbourne Tram Routes - Route 86 - Statistics

General Stats
  • This quiz has been taken 24 times
  • The average score is 41 of 68
Answer Stats
Suburb Stop Answer % Correct
Northcote 33 Arthurton Rd/High St
87%
Thornbury 39 Ballantyne St/High St
87%
Northcote 34 Bent St/High St
87%
Thornbury 41 Blythe St/High St
87%
Northcote 30 Clarke St/High St
87%
Thornbury 36 Darebin Rd/High St
87%
Northcote 35 Dennis St/High St
87%
Thornbury 40 Mansfield St/High St
87%
Thornbury 42 Miller St/High St
87%
Northcote 32 Mitchell St/High St
87%
Thornbury 38 Normanby Ave/High St
87%
Northcote 31 Northcote Town Hall/High St
87%
Northcote 26 Walker St/High St
87%
Northcote 27 Westgarth St/High St
87%
Thornbury 37 Woolton Ave/High St
87%
Melbourne City 5 Elizabeth St/Bourke St
73%
Melbourne City 6 Swanston St/Bourke St
73%
Melbourne City 4 Queen St/Bourke St
67%
Bundoora 71 RMIT/Plenty Rd
67%
Melbourne City 7 Russell St/Bourke St
67%
Melbourne City 1 Spencer St/Bourke St
67%
Melbourne City 9 Spring St/Bourke St
67%
Melbourne City 3 William St/Bourke St
67%
Preston 45 Bell St/Plenty Rd
60%
Preston 47 David St/Plenty Rd
60%
Clifton Hill 22 Smith St/Queens Pde
60%
Clifton Hill 23 Wellington St/Queens Pde
60%
Fitzroy 21 Alexandra Pde/Smith St
53%
Reservoir 55 Boldrewood Pde/Plenty Rd
53%
Kingsbury 58 Browning St/Plenty Rd
53%
Fitzroy 13 Brunswick St/Gertrude St
53%
Bundoora 61 Bundoora Park/Plenty Rd
53%
Bundoora 67 Bundoora Square SC/Plenty Rd
53%
Fitzroy 17 Charles St/Smith St
53%
Bundoora 70 Clements Dr/Plenty Rd
53%
Clifton Hill 25 Clifton Hill Interchange/Queens Pde
53%
Reservoir 53 Ethel Gr/Plenty Rd
53%
Preston 48 Gower St/Plenty Rd
53%
Bundoora 68 Greenhills Rd/Plenty Rd
53%
Bundoora 63 Greenwood Dr/Plenty Rd
53%
Bundoora 65 Grimshaw St/Plenty Rd
53%
Fitzroy 18 Hodgson St/Smith St
53%
Fitzroy 19 Johnston St/Smith St
53%
Bundoora 60 La Trobe University/Plenty Rd
53%
Reservoir 56 Loddon Ave/Plenty Rd
53%
Melbourne City 120 Lonsdale St/Spencer St
53%
Bundoora 62 Metropolitan Fire Brigade/Plenty Rd
53%
Bundoora 64 Mount Cooper Dr/Plenty Rd
53%
Preston 49 Murray Rd/Plenty Rd
53%
Fitzroy 14 Napier St/Gertrude St
53%
Kingsbury 59 Preston Cemetery/Plenty Rd
53%
Preston 43 Raglan St/Plenty Rd
53%
Reservoir 57 Reservoir District Secondary College/Plenty Rd
53%
Collingwood 20 Rose St/Smith St
53%
Bundoora 66 Settlement Rd/Plenty Rd
53%
Preston 44 Seymour St/Plenty Rd
53%
Fitzroy 15 Smith St/Gertrude St
53%
Preston 50 Sylvester Gr/Plenty Rd
53%
Bundoora 69 Taunton Dr/Plenty Rd
53%
Reservoir 54 Wilkinson St/Plenty Rd
53%
Preston 51 Wood St/Plenty Rd
53%
Clifton Hill 24 Michael St/Queens Pde
47%
East Melbourne 10 Albert St/Nicholson St
40%
Fitzroy 11 Melbourne Museum/Nicholson St
40%
Docklands D1 Docklands Stadium/La Trobe St
33%
Docklands D11 Waterfront City/Docklands Dr
33%
Docklands D2 Central Pier/Harbour Esp
27%
Docklands D10 NewQuay Prom/Docklands Dr
20%
No matching quizzes found
Score Distribution
Percent of People with Each Score
Percentile by Number Answered
Your Score History
You have not taken this quiz